logo

Bir Sreshtho Munshi Abdur Rouf Library
Jhenaidah Cadet College

Mathematics Two with answer / (Record no. 5967)

MARC details
000 -LEADER
fixed length control field 00615nam a22002292 4500
001 - CONTROL NUMBER
JCCL Control Number 5967
003 - CONTROL NUMBER IDENTIFIER
JCCL marc code UkOxU
005 - DATE AND TIME OF LATEST TRANSACTION
control field 20210329134019.0
008 - FIXED-LENGTH DATA ELEMENTS--GENERAL INFORMATION
fixed length control field 750104s1958 xxk 000 0 eng d
020 ## - INTERNATIONAL STANDARD BOOK NUMBER
International Standard Book Number 0435502328
035 ## - SYSTEM CONTROL NUMBER
system control number OCLC ocm30249868 from D970804M
040 ## - CATALOGING SOURCE
Original cataloging agency UKM
Transcribing agency UKM
Modifying agency EQO
-- BD-JhCC
041 ## - LANGUAGE CODE
Language code of Book eng
082 04 - DEWEY DECIMAL CLASSIFICATION NUMBER
Classification number 510
DDC Edition number 18
Author mark and Year CLA 2007
100 1# - MAIN ENTRY--PERSONAL NAME
Personal name Clarke, L. Harwood
Fuller form of name (Leonard Harwood),
Dates associated with a name 1908-
245 10 - TITLE STATEMENT
Title Mathematics Two with answer /
Statement of responsibility, etc L. Harwood Clarke,
260 ## - PUBLICATION, DISTRIBUTION, ETC. (IMPRINT)
Name of publisher, distributor, etc Heinemann,
Date of publication, distribution, etc 2007.
300 ## - PHYSICAL DESCRIPTION
Pagination 401 p. :
Other physical details ill. ;
Dimensions 20 cm.
650 ## - SUBJECT ADDED ENTRY--TOPICAL TERM
Topical term or geographic name as entry element Mathematics
942 ## - ADDED ENTRY ELEMENTS (KOHA)
Source of classification or shelving scheme Dewey Decimal Classification
Koha item type Books
Koha issues (borrowed), all copies 7
Holdings
Source of classification or shelving scheme Damaged status Not for loan Home library Current library Shelving location Date of accession Total Checkouts Full call number Barcode Date last seen Date checked out Copy number Koha item type Cost, normal purchase price
Dewey Decimal Classification     JCC Rouf Library JCC Rouf Library General Stacks 12/31/2017 2 510 CLA 2007 8416 10/31/2024 10/24/2024 C-1 Books  
Dewey Decimal Classification     JCC Rouf Library JCC Rouf Library General Stacks 03/01/2018 3 510 CLA 2007 11243 05/16/2024 05/14/2024 C-2 Books  
Dewey Decimal Classification     JCC Rouf Library JCC Rouf Library General Stacks   1 510 CLA 2007 11857 07/10/2019 07/04/2019 C-3 Books  
Dewey Decimal Classification     JCC Rouf Library JCC Rouf Library General Stacks 03/22/2018 3 510 CLA 2007 11161 02/24/2025 02/20/2025 C-4 Books 220.00

JCC Library | Contacts | JCC Home

Last Update on 23 September 2017
Copyright @ 2017-2020 JCC Rouf Library
Rouf Library, Jhenidah Cadet College (JCC), Bangladesh